Largest practices make hay. (Record no. 60697)

MARC details
000 -LEADER
fixed length control field 00685cam a2200157 4500
001 - CONTROL NUMBER
control field ABS61011
008 - FIXED-LENGTH DATA ELEMENTS--GENERAL INFORMATION
fixed length control field 000000n 000 0 eng u
035 ## - SYSTEM CONTROL NUMBER
System control number (Sirsi) u101565
100 ## - MAIN ENTRY--PERSONAL NAME
Personal name Slavid, R.
245 ## - TITLE STATEMENT
Title Largest practices make hay.
490 ## - SERIES STATEMENT
Series statement Architects' Journal
Volume/sequential designation 210(3) 15 July 1999, 41-43(3)
520 ## - SUMMARY, ETC.
Summary, etc. Reviews the findings of Architects' Performance 99 which shows that architects' fees are rising faster than their workload. The study, which looks at the performance of 400 practices, also indicates the best performance is coming from the largest practices. Tables.
650 ## - SUBJECT ADDED ENTRY--TOPICAL TERM
Topical term or geographic name entry element FEES
690 ## - LOCAL SUBJECT ADDED ENTRY--TOPICAL TERM (OCLC, RLIN)
Topical term or geographic name as entry element MANAGEMENT-BUSINESS MANAGEMENT-PROFESSIONAL PRACTICE
942 ## - ADDED ENTRY ELEMENTS (KOHA)
Suppress in OPAC 0
Holdings
Withdrawn status Lost status Source of classification or shelving scheme Damaged status Not for loan Home library Current library Shelving location Date acquired Total Checkouts Full call number Barcode Date last seen Copy number Price effective from Koha item type
    Dewey Decimal Classification     London London Journal article 05/11/1999   ABS61011 101565-1001 06/08/2019 1 06/08/2019 Journal article